000 00557nam a2200181 i 4500
001 70940
003 ES-MaACL
005 20230906170955.0
007 t|
008 040804s1914 it ||||1| ita d
100 1 _aGasca, Cesare Luigi.
_955834
245 1 0 _aTrattato della compra-vendita civile e commerciale /
_cCesare Luigi Gasca.
250 _a2ª ed. notevolmente accresciuta.
260 _aTorino :
_b[s.n.,
_c1914] (
_fUnione Tipográfico-Elitrice Torinese)
300 _a1059 p. ;
_c24 cm.
500 _aEs el t. 1.
852 _aES-MaACL
_jB-13105
999 _c70940
_d70940